UM Logo

The fifth mountain : (Record no. 20765)

MARC details
000 -LEADER
fixed length control field 00423nam a22001457a 4500
005 - DATE AND TIME OF LATEST TRANSACTION
control field 20250320091723.0
008 - FIXED-LENGTH DATA ELEMENTS--GENERAL INFORMATION
fixed length control field 240821b ||||| |||| 00| 0 eng d
020 ## - INTERNATIONAL STANDARD BOOK NUMBER
International Standard Book Number 9780060736279
082 ## - DEWEY DECIMAL CLASSIFICATION NUMBER
Classification number DFic C650 1998
100 ## - MAIN ENTRY--PERSONAL NAME
Personal name Coelho, Paulo.
9 (RLIN) 36524
245 ## - TITLE STATEMENT
Title The fifth mountain :
Remainder of title a novel /
Statement of responsibility, etc. Paulo Coelho.
260 ## - PUBLICATION, DISTRIBUTION, ETC. (IMPRINT)
Place of publication, distribution, etc. New York :
Name of publisher, distributor, etc. Harper,
Date of publication, distribution, etc. ©1998.
300 ## - PHYSICAL DESCRIPTION
Extent 245 pages :
Other physical details illustrations ;
Dimensions 17 cm.
942 ## - ADDED ENTRY ELEMENTS (KOHA)
Source of classification or shelving scheme Dewey Decimal Classification
Koha item type Fiction
Holdings
Withdrawn status Lost status Source of classification or shelving scheme Damaged status Not for loan Collection code Home library Current library Date acquired Source of acquisition Total Checkouts Full call number Barcode Date last seen Price effective from Koha item type
    Dewey Decimal Classification     Filipiniana UM Digos College - LIC UM Digos College - LIC 04/25/2024 Donated   DFic C650 1998 28661 05/15/2025 08/21/2024 Fiction